Normal view
MARC view
- Islam-96 Buzurgaan -e- Deen Kay Ahwal O Aqwal
Entry Topical Term
001 - CONTROL NUMBER
- control field: 89511
003 - CONTROL NUMBER IDENTIFIER
- control field: NUST
005 - DATE AND TIME OF LATEST TRANSACTION
- control field: 20220224132634.0
008 - FIXED-LENGTH DATA ELEMENTS
- fixed length control field: 220224|| aca||aabn | a|a d
040 ## - CATALOGING SOURCE
- Original cataloging agency: NUST
- Transcribing agency: NUST
150 ## - HEADING--TOPICAL TERM
- Topical term or geographic name entry element: Islam-96 Buzurgaan -e- Deen Kay Ahwal O Aqwal
670 ## - SOURCE DATA FOUND
- Source citation: Work cat.: (NUST)587716: Fared Ul Din, Shaikh 88645, Zikar E Jamil; , 2018.
